Indice de la revista chilena de historia y geografía: de los números 1 al 150
Salvato in:
| Ente Autore: | |
|---|---|
| Natura: | Libro |
| Lingua: | spagnolo |
| Pubblicazione: |
Santiago
Andrés Bello
1986
|
| Soggetti: | |
| Tags: |
Aggiungi Tag
Nessun Tag, puoi essere il primo ad aggiungerne!!
|
MARC
| LEADER | 00000nam a2200000 a 4500 | ||
|---|---|---|---|
| 001 | UCV2198 | ||
| 003 | CL-VaPUC | ||
| 008 | 920117e19860000CL |||||||||||||||||spa|d | ||
| 082 | 0 | 4 | |a 016.05 |b SOC |2 21 |
| 110 | 2 | |a Sociedad Chilena de Historia y Geografia |e author |9 296446 | |
| 245 | 1 | 0 | |a Indice de la revista chilena de historia y geografía: de los números 1 al 150 |
| 300 | |a 154 p | ||
| 942 | |c BK | ||
| 945 | |d 19920117 00:00:00 | ||
| 260 | |a Santiago |b Andrés Bello |c 1986 | ||
| 650 | 7 | |a INDICES DE REVISTAS |2 CL-VaPUC |9 257487 | |
| 583 | |a last modification |c 19920117 00:00:00 |k Rodrigo Vera | ||
| 999 | |c 209860 |d 209858 | ||
| 952 | |0 0 |1 0 |4 0 |6 016_050000000000000_SOC_1986 |7 0 |8 DER_HDC |9 185687 |a BIBDER |b BIBDER |d 2019-11-14 |i 2531348 |o 016.05 SOC 1986 |p 2531348 |r 2023-01-25 |w 2019-11-14 |x Ubicación 4to Piso |y BK |z Estos recursos deben solicitarse con anticipación |k DER | ||